Butlletí dels mestres : publicació pedagògica del Consell de Cultura de la Generalitat de Catalunya publicació pedagògica del Consell de Cultura de la Generalitat de Catalunya
Descripción Física:
6 vols. enquadernats ; periodicitat: quinzenal, mensual a partir de la tercera època ; 24 cm
MARC
| LEADER | 00000nas a2200000 a 4500 | ||
|---|---|---|---|
| 001 | 6303, 6304, 6305, 13351, 13352 | ||
| 003 | Arxiu | ||
| 005 | 20260324181053.0 | ||
| 008 | 160829s9999 xx 000 0 cat d | ||
| 008 | 160829s9999 xx 000 0 cat d | ||
| 080 | |a Revistes | ||
| 245 | |a Butlletí dels mestres : |b publicació pedagògica del Consell de Cultura de la Generalitat de Catalunya | ||
| 247 | |a Full d'informació a les escoles | ||
| 260 | |a Barcelona : |b el Consell ; |c [1922] - | ||
| 300 | |a 6 vols. enquadernats ; |b periodicitat: quinzenal, mensual a partir de la tercera època ; |c 24 cm | ||
| 310 | |a Quinzenal, mensual a partir de la tercera època | ||
| 362 | |a 1a època, núm. 1 (1922)-núm. 44 (1923) ; 2a època, núm. 45 (1931)-núm. 172 (1938) | ||
| 590 | |a Descripció basada en: 2a època, any 3, núm. 45 (1 abril 1931). | ||
| 590 | |a El subtítol varia. | ||
| 590 | |a Durant la 1a època és suplement de: Quaderns d'estudi. | ||
| 590 | |a Manté la numeració. | ||
| 590 | |a Bibliografia. | ||
| 590 | |a Índexs. | ||
| 590 | |a A 4155, exp. 23 hi ha exemplars dels núm. 45 - 50, 53 - 58. | ||
| 590 | |a Anys 1931 i 1932 duplicats en diversos volums. | ||
| 650 | |a Mestres |x Catalunya |x Revistes |9 48480 | ||
| 650 | |a Pedagogia |x Revistes |9 41411 | ||
| 655 | |a Revistes |9 55823 | ||
| 710 | 1 | |a Catalunya. |b Consell de Cultura |9 55593 | |
| 866 | |a Any 3, segona època, núm. 45 (1 d'abril 1931) -- Any 6, segona època, núm. 99 (1 de gener 1934) | ||
| 866 | |a Any 7, segona època (1935) -- Any 8, segona època (1936) | ||
| 901 | |a Arxiu | ||
| 942 | |n 1 |2 udc |c REV | ||
| 952 | |0 0 |1 0 |2 udc |4 0 |7 1 |9 54585 |a Arxiu |b Arxiu |d 2016-12-01 |h Any 3, segona època, núm. 45 (1 d'abril 1931) -- Any 3, segona època, núm. 58 (15 de desembre 1931) |o Rev-156 |p 26359 |r 2016-12-01 00:00:00 |w 2016-12-01 |y ARXIU | ||
| 952 | |0 0 |1 0 |2 udc |4 0 |7 1 |9 63207 |a Arxiu |b Arxiu |d 2022-07-26 |h Any 4, segona època (1932) |o Rev-158 |p 13352 |r 2022-07-26 00:00:00 |w 2022-07-26 |y ARXIU | ||
| 952 | |0 0 |1 0 |2 udc |4 0 |7 1 |9 63208 |a Arxiu |b Arxiu |d 2022-07-26 |h Any 8, segona època (1936) |o Rev-160 |p 6305 |r 2022-07-26 00:00:00 |w 2022-07-26 |y ARXIU | ||
| 952 | |0 0 |1 0 |2 udc |4 0 |7 1 |9 63209 |a Arxiu |b Arxiu |d 2022-07-26 |h Any 3, segona època, núm. 45 (1 d'abril 1931) -- Any 3, segona època, núm. 58 (15 de desembre 1931) |o Rev-157 |p 13351 |r 2022-07-26 00:00:00 |w 2022-07-26 |y ARXIU | ||
| 952 | |0 0 |1 0 |2 udc |4 0 |7 1 |9 63211 |a Arxiu |b Arxiu |d 2022-07-26 |h Any 7, segona època (1935) |o Rev-159 |p 6304 |r 2022-07-26 00:00:00 |w 2022-07-26 |y ARXIU | ||
| 952 | |0 0 |1 0 |2 udc |4 0 |7 1 |9 63212 |a Arxiu |b Arxiu |d 2022-07-26 |h Any 3, segona època, núm. 45 (1 d'abril 1931) -- Any 6, segona època, núm. 99 (1 de gener 1934) |o Rev-161 |p 6303 |r 2022-07-26 00:00:00 |w 2022-07-26 |y ARXIU | ||
| 999 | |c 58454 |d 58454 | ||